Slang names for men Quiz Stats

 Plays Quiz not verified by Sporcle

Challenge
Share
Tweet
Embed
Score 0/12 Timer 02:00
0 Plays Today
Answer % Correct
Dude
76.7%
Man
60%
Bro
36.7%
Pal
36.7%
Boy
30%
Home boy
23.3%
Fella
20%
Niga
16.7%
Dawg
10%
Cuz
6.7%
Son
6.7%
Cat
3.3%

You're not logged in!

Compare scores with friends on all Sporcle quizzes.
OR
Log In

You Might Also Like...

Show Comments

Extras

Top Quizzes Today


Score Distribution

Your Account Isn't Verified!

In order to create a playlist on Sporcle, you need to verify the email address you used during registration. Go to your Sporcle Settings to finish the process.

Report this User

Report this user for behavior that violates our Community Guidelines.

Details: